Statistics explained. (Record no. 97641)
[ view plain ]
| 000 -LEADER | |
|---|---|
| fixed length control field | 00483cam a2200205 4500 |
| 008 - FIXED-LENGTH DATA ELEMENTS--GENERAL INFORMATION | |
| fixed length control field | 090401t1998 xxu||||| |||| 00| 0 eng d |
| 020 ## - INTERNATIONAL STANDARD BOOK NUMBER | |
| International Standard Book Number | 0201178028 |
| 035 ## - SYSTEM CONTROL NUMBER | |
| System control number | (Sirsi) u91448 |
| 041 ## - LANGUAGE CODE | |
| Language code of text/sound track or separate title | eng |
| 050 ## - LIBRARY OF CONGRESS CALL NUMBER | |
| Classification number | 519.5 |
| 100 ## - MAIN ENTRY--PERSONAL NAME | |
| Personal name | Parry Lewis, J. |
| 245 ## - TITLE STATEMENT | |
| Title | Statistics explained. |
| 260 ## - PUBLICATION, DISTRIBUTION, ETC. | |
| Place of publication, distribution, etc. | Harlow, Essex |
| Name of publisher, distributor, etc. | Addison-Wesley |
| Date of publication, distribution, etc. | 1998 |
| 300 ## - PHYSICAL DESCRIPTION | |
| Extent | xx,608p. |
| Other physical details | 24cm. |
| 350 ## - PRICE (NR) (BK AM CF MU VM SE) [OBSOLETE] | |
| Price | 16.95 |
| 650 ## - SUBJECT ADDED ENTRY--TOPICAL TERM | |
| Topical term or geographic name entry element | STATISTICS |
| 700 ## - ADDED ENTRY--PERSONAL NAME | |
| Personal name | Traill, A. |
| 942 ## - ADDED ENTRY ELEMENTS (KOHA) | |
| Suppress in OPAC | 0 |
| 948 ## - LOCAL PROCESSING INFORMATION (OCLC); SERIES PART DESIGNATOR (RLIN) | |
| c (OCLC) | 18/02/1999 |
| Withdrawn status | Lost status | Source of classification or shelving scheme | Damaged status | Not for loan | Home library | Current library | Shelving location | Date acquired | Cost, normal purchase price | Total Checkouts | Full call number | Barcode | Date last seen | Date last checked out | Copy number | Cost, replacement price | Price effective from | Koha item type |
|---|---|---|---|---|---|---|---|---|---|---|---|---|---|---|---|---|---|---|
| Dewey Decimal Classification | London | London | Books | 12/02/2002 | 22.09 | 3 | 519.5 PAR | 30065348 | 06/08/2019 | 12/11/2003 | 1 | 22.09 | 06/08/2019 | Book |